000 00732nam a22002417a 4500
005 20110818162428.0
008 110818t xxu||||| |||| 00| 0 eng d
010 _aENG-103530
020 _c100.00
035 _aEN-87063
037 _bDBAD/PUB
040 _aDPL
_bEnglish
082 _a881
100 _932824
_aMerchant, Hoshang
245 _aShillong suite /
_cby Hoshang Merchant
260 _aCalcutta
_bWriters Workshop
_c2010
270 _a162/92 Lake Gardens
_bCalcutta
_e700045
300 _a49p.
_c22cm (Hb)
650 _933042
700 _932825
942 _2ddc
_cEN
_h881
_mMER
999 _c55634
_d55634